000
00285nam a2200145Ia 4500
100
_a
Hunter/Jason
942
_c
BK
654
_a
java
245
_a
Java Servlet programming
260
_b
Oreilly
_c
2003
082
_a
5.133
_b
HUN
300
_a
753
546
_a
ENGLISH
999
_c
26548
_d
26548